[Event "St Petersburg Chigorin CC-ch"]
[Site "St Petersburg"]
[Date "2008.05.19"]
[Round "5"]
[White "Kirpichenkov, Stanislav"]
[Black "Gavrikov, Viktor1"]
[Result "1-0"]
[WhiteElo "1955"]
[BlackElo "1678"]
[PlyCount "63"]
[EventDate "2008.05.13"]
[EventType "swiss"]
[EventRounds "9"]
[EventCountry "RUS"]
[SourceTitle "CBM 124 Extra"]
[Source "ChessBase"]
[SourceDate "2008.07.03"]
[SourceVersion "1"]
[SourceVersionDate "2008.07.03"]
[SourceQuality "1"]

1. e4 d6 2. f4 Nd7 3. Bc4 e6 4. Nf3 a6 5. d4 b5 6. Bb3 c5 7. c3 Bb7 8. Nbd2 Ngf6 9. Qe2 c4 10. Bc2 Qc7 11. 0-0 Be7 12. e5 Nd5 13. Ne4 h6 14. exd6 Bxd6 15. Ne5 N5f6 16. Nxd6+ Qxd6 17. f5 Nf8 18. b3 Bd5 19. Bf4 Qb6 20. bxc4 bxc4 21. Ba4+ N8d7 22. Nxc4 Bxc4 23. Qxc4 0-0 24. Rab1 Qd8 25. fxe6 fxe6 26. Qxe6+ Kh8 27. Rb7 Nb8 28. Bd6 Rg8 29. Be7 Qd5 30. Rxf6 Qxb7 31. Rxh6+ gxh6 32. Qxh6# 1-0

[Event "St Petersburg Chigorin CC-ch"]
[Site "St Petersburg"]
[Date "2008.05.13"]
[Round "1"]
[White "Fedoseev, Sergey"]
[Black "Kirpichenkov, Stanislav"]
[Result "1-0"]
[WhiteElo "2175"]
[BlackElo "1955"]
[PlyCount "101"]
[EventDate "2008.05.13"]
[EventType "swiss"]
[EventRounds "9"]
[EventCountry "RUS"]
[SourceTitle "CBM 124 Extra"]
[Source "ChessBase"]
[SourceDate "2008.07.03"]
[SourceVersion "1"]
[SourceVersionDate "2008.07.03"]
[SourceQuality "1"]

1. Nf3 d5 2. g3 Nf6 3. Bg2 Bf5 4. 0-0 e6 5. d3 Nbd7 6. Nbd2 Be7 7. Qe1 c6 8. e4 dxe4 9. dxe4 Bg4 10. h3 Bh5 11. Nc4 Bxf3 12. Bxf3 e5 13. Bg2 0-0 14. Ne3 Re8 15. Nf5 Bf8 16. Qe2 g6 17. Nh6+ Kg7 18. Bg5 Qc7 19. Rad1 Re6 20. Kh2 Ng8 21. Nxg8 Kxg8 22. h4 h6 23. Be3 Nf6 24. Qf3 Bg7 25. Bh3 Ree8 26. Bxh6 Bxh6 27. Qxf6 Bg7 28. Qg5 Rad8 29. Kg2 Rd4 30. c3 Rxe4 31. Rd7 Qb6 32. h5 c5 33. hxg6 fxg6 34. Qd2 Qc6 35. Kg1 Ra4 36. Rxg7+ Kxg7 37. Bd7 Rd4 38. Bxc6 Rxd2 39. Bxe8 Rxb2 40. Rd1 Rxa2 41. Rd7+ Kf6 42. Rxb7 Rc2 43. Rxa7 Rxc3 44. Ra6+ Kg5 45. Rxg6+ Kf5 46. Rc6 Rc1+ 47. Kg2 c4 48. f3 c3 49. Bg6+ Kg5 50. Be4 Kh5 51. Rc5 1-0

[Event "St Petersburg op U18"]
[Site "St Petersburg"]
[Date "2008.01.09"]
[Round "5"]
[White "Senkevich, Konstantin"]
[Black "Kirpichenkov, Stanislav"]
[Result "1-0"]
[WhiteElo "2100"]
[BlackElo "1960"]
[PlyCount "53"]
[EventDate "2008.01.05"]
[EventType "swiss"]
[EventRounds "9"]
[EventCountry "RUS"]
[SourceTitle "CBM 122 Extra"]
[Source "ChessBase"]
[SourceDate "2008.03.04"]
[SourceVersion "1"]
[SourceVersionDate "2008.03.04"]
[SourceQuality "1"]

1. d4 Nf6 2. c4 c6 3. Nc3 d5 4. cxd5 cxd5 5. Bf4 Nc6 6. e3 a6 7. Bd3 e6 8. Nf3 Nh5 9. Bg5 Be7 10. Bxe7 Qxe7 11. 0-0 0-0 12. Rc1 Bd7 13. Na4 Nb4 14. Bb1 Bxa4 15. Qxa4 Rac8 16. a3 Nc6 17. Rc3 Na7 18. Rfc1 Rxc3 19. Rxc3 Rc8 20. Qc2 Qd8 21. Qxh7+ Kf8 22. Qxh5 Rxc3 23. bxc3 Qb6 24. Bd3 Qb2 25. Ne5 Qc1+ 26. Bf1 g6 27. Qh7 1-0

[Event "Chigorin Memorial 13th"]
[Site "St Petersburg"]
[Date "2005.10.22"]
[Round "8"]
[White "Jezov, Roman"]
[Black "Kirpichenkov, Stanislav"]
[Result "1-0"]
[WhiteElo "2086"]
[BlackElo "2037"]
[PlyCount "77"]
[EventDate "2005.10.15"]
[EventType "swiss"]
[EventRounds "9"]
[EventCountry "RUS"]
[SourceTitle "CBM 108 Extra"]
[Source "ChessBase"]
[SourceDate "2005.11.04"]
[SourceVersion "1"]
[SourceVersionDate "2005.11.04"]
[SourceQuality "1"]

1. e4 c6 2. d4 d5 3. Nc3 dxe4 4. Nxe4 Bf5 5. Ng3 Bg6 6. Nf3 Qc7 7. Bd3 Nd7 8. 0-0 Ngf6 9. c3 e6 10. Qc2 Bxd3 11. Qxd3 0-0-0 12. Be3 Bd6 13. b4 h5 14. Rfb1 Ng4 15. c4 Nde5 16. dxe5 Bxe5 17. Qa3 Bxa1 18. Rxa1 Nxe3 19. Qxe3 Kb8 20. Ne4 h4 21. Qe2 Qf4 22. Qe3 Qg4 23. h3 Qf5 24. Re1 f6 25. c5 e5 26. Nd6 Qe6 27. Re2 g5 28. Nd4 Qg8 29. N4f5 g4 30. Nh6 Rxh6 31. Qxh6 gxh3 32. f3 Rd7 33. Qxf6 Rg7 34. g4 hxg3 35. Qxe5 h2+ 36. Kg2 h1Q+ 37. Kxh1 Qh7+ 38. Kg1 Qb1+ 39. Re1 1-0

[Event "Chigorin Memorial 13th"]
[Site "St Petersburg"]
[Date "2005.10.15"]
[Round "1"]
[White "Kirpichenkov, Stanislav"]
[Black "Kashtanov, Ruslan"]
[Result "0-1"]
[WhiteElo "2037"]
[BlackElo "2353"]
[PlyCount "114"]
[EventDate "2005.10.15"]
[EventType "swiss"]
[EventRounds "9"]
[EventCountry "RUS"]
[SourceTitle "CBM 108 Extra"]
[Source "ChessBase"]
[SourceDate "2005.11.04"]
[SourceVersion "1"]
[SourceVersionDate "2005.11.04"]
[SourceQuality "1"]

1. Nf3 d5 2. c4 e6 3. d4 Nf6 4. Nc3 Bb4 5. a3 Bxc3+ 6. bxc3 Ne4 7. Qb3 c5 8. Nd2 Nxd2 9. Bxd2 0-0 10. g3 Nc6 11. cxd5 Na5 12. Qa2 exd5 13. dxc5 Nc4 14. Bg2 Re8 15. e3 Bf5 16. 0-0 Rc8 17. Bc1 Rxc5 18. Rd1 Qa5 19. a4 Qxc3 20. Ba3 Qxa3 21. Qxa3 Nxa3 22. Rxa3 Rec8 23. h4 Rc1 24. Ra1 Rxa1 25. Rxa1 Be4 26. Rd1 Bxg2 27. Kxg2 Rc5 28. e4 Kf8 29. exd5 Ke7 30. d6+ Kd7 31. Rd4 Rf5 32. g4 Rf6 33. Rb4 b6 34. a5 Rxd6 35. axb6 axb6 36. Kf3 Kc6 37. Ke3 Kc5 38. Rb1 b5 39. Rc1+ Kb6 40. f4 Rd5 41. Ke4 Rc5 42. Ra1 h5 43. g5 g6 44. Kd4 Rc4+ 45. Ke5 b4 46. Ra8 Kb5 47. Ra7 Rc5+ 48. Kd4 Rf5 49. Ke3 Kc4 50. Rc7+ Kb3 51. Rc8 Ka2 52. Rc4 b3 53. Ra4+ Kb1 54. Kd2 b2 55. Rb4 Ka2 56. Kc3 Rc5+ 57. Kd4 Ra5 0-1

[Event "St Petersburg White Nights op"]
[Site "St Petersburg"]
[Date "2005.06.22"]
[Round "5"]
[White "Kirpichenkov, Stanislav"]
[Black "Khatenever, Feliks"]
[Result "0-1"]
[WhiteElo "2078"]
[BlackElo "2037"]
[PlyCount "148"]
[EventDate "2005.06.18"]
[EventType "swiss"]
[EventRounds "9"]
[EventCountry "RUS"]
[SourceTitle "CBM 106 Extra"]
[Source "ChessBase"]
[SourceDate "2005.07.01"]
[SourceVersion "1"]
[SourceVersionDate "2005.07.01"]
[SourceQuality "1"]

1. e4 d5 2. exd5 Nf6 3. Bb5+ Bd7 4. Bc4 Bg4 5. f3 Bf5 6. Nc3 Nbd7 7. g4 Nb6 8. Bb3 Bc8 9. Nge2 Nfxd5 10. d4 g6 11. a4 e6 12. a5 Qh4+ 13. Ng3 Nxc3 14. bxc3 Bd6 15. Kf2 Nd5 16. Bxd5 exd5 17. c4 dxc4 18. Re1+ Be6 19. Kg2 0-0-0 20. Be3 Bd5 21. Qd2 Qxg4 22. Qf2 h5 23. h3 Qxg3+ 24. Qxg3 Bxg3 25. Kxg3 h4+ 26. Kf2 f6 27. Bf4 Rhe8 28. c3 g5 29. Bh2 a6 30. Re3 Rxe3 31. Kxe3 Kd7 32. Kf2 Re8 33. Ra2 Be6 34. Kg2 Bf5 35. Rb2 Kc8 36. Bg1 Bd3 37. Kf2 Bf5 38. Kg2 Bd3 39. Kf2 f5 40. Bh2 Rg8 41. Be5 g4 42. fxg4 fxg4 43. hxg4 Rxg4 44. Kf3 Rg6 45. Rh2 Rh6 46. Kg4 h3 47. Kg5 Rh7 48. Rf2 Kd7 49. Kf6 Be4 50. Bh2 Rh5 51. Rf4 Bd3 52. Rf3 Rxa5 53. Rxh3 Rf5+ 54. Kg7 b5 55. Kg8 c5 56. Be5 Rg5+ 57. Kf7 cxd4 58. Bxd4 Rg6 59. Bc5 Rg2 60. Rh6 Rc2 61. Bb4 Rf2+ 62. Kg8 Ra2 63. Rd6+ Kc7 64. Kf7 a5 65. Bc5 Rb2 66. Ra6 b4 67. Rxa5 bxc3 68. Bd4 Rb3 69. Be5+ Kc6 70. Ke6 c2 71. Bf4 Rb1 72. Ra6+ Kb5 73. Ra8 c1Q 74. Bxc1 Rxc1 0-1

[Event "St Petersburg Chigorin CC-ch"]
[Site "St Petersburg"]
[Date "2005.05.25"]
[Round "9"]
[White "Kirpichenkov, Stanislav"]
[Black "Tomberg, Sergey"]
[Result "1-0"]
[WhiteElo "2078"]
[BlackElo "2051"]
[PlyCount "90"]
[EventDate "2005.05.16"]
[EventType "swiss"]
[EventRounds "9"]
[EventCountry "RUS"]
[SourceTitle "EXT 2006"]
[Source "ChessBase"]
[SourceDate "2005.11.24"]
[SourceVersion "1"]
[SourceVersionDate "2005.11.24"]
[SourceQuality "1"]

1. d4 Nf6 2. Nf3 g6 3. Bf4 Bg7 4. e3 d6 5. h3 0-0 6. Bc4 b6 7. Nbd2 Bb7 8. 0-0 Nbd7 9. c3 Qe8 10. a4 a6 11. b4 e5 12. Bh2 Qe7 13. Rc1 Kh8 14. Re1 Ne8 15. e4 f6 16. Qe2 Bh6 17. Rc2 Ng7 18. Bd5 c6 19. Bb3 Ne6 20. d5 cxd5 21. Bxd5 Bxd5 22. exd5 Nc7 23. c4 f5 24. Nd4 Qf7 25. Nc6 Rfc8 26. Qf3 b5 27. Ne4 Bf8 28. axb5 axb5 29. Ng5 Qg8 30. g4 h6 31. Ne6 Nxe6 32. dxe6 Qxe6 33. Nd4 Qf6 34. Nxb5 fxg4 35. Qxg4 Qf5 36. Rec1 Qxg4+ 37. hxg4 Ra4 38. Rd1 Rxb4 39. Nxd6 Rc7 40. Rcd2 Nc5 41. Bxe5+ Bg7 42. Bg3 Ra4 43. Ne8 Re7 44. Rd8 Ne6 45. Rc8 Kh7 1-0

[Event "St Petersburg Chigorin CC-ch"]
[Site "St Petersburg"]
[Date "2005.05.20"]
[Round "5"]
[White "Khatenever, Feliks"]
[Black "Kirpichenkov, Stanislav"]
[Result "1-0"]
[WhiteElo "2037"]
[BlackElo "2078"]
[PlyCount "137"]
[EventDate "2005.05.16"]
[EventType "swiss"]
[EventRounds "9"]
[EventCountry "RUS"]
[SourceTitle "EXT 2006"]
[Source "ChessBase"]
[SourceDate "2005.11.24"]
[SourceVersion "1"]
[SourceVersionDate "2005.11.24"]
[SourceQuality "1"]

1. e4 c5 2. Nc3 e6 3. g3 b6 4. Bg2 Bb7 5. Nge2 Be7 6. 0-0 d6 7. d3 Nf6 8. f4 0-0 9. h3 Nc6 10. g4 a6 11. Ng3 Qc7 12. Nce2 Rad8 13. c3 Rfe8 14. Qc2 Bf8 15. f5 Ne5 16. Bg5 Ned7 17. Bh4 h6 18. g5 hxg5 19. Bxg5 Be7 20. fxe6 fxe6 21. Nf4 Nf8 22. Bxf6 Bxf6 23. Qe2 d5 24. Nfh5 Be5 25. Qg4 Kh8 26. Rad1 d4 27. c4 b5 28. b3 Rd7 29. Rf2 Rf7 30. Rdf1 Ree7 31. Nf4 Bc8 32. Nge2 Kg8 33. Qh5 Rf6 34. h4 Ref7 35. Nh3 Rxf2 36. Rxf2 Rxf2 37. Kxf2 Qf7+ 38. Qxf7+ Kxf7 39. Bf3 Kf6 40. Ng5 Bd7 41. Nh3 Ng6 42. h5 Nh8 43. Bg4 Nf7 44. Neg1 Be8 45. Be2 Bc7 46. cxb5 axb5 47. Nf3 Ne5 48. Nxe5 Bxe5 49. Ng1 Bf4 50. Nf3 Bxh5 51. a4 bxa4 52. bxa4 Bc7 53. Nxd4 Bxe2 54. Nxe2 Ke5 55. Ke3 g5 56. Kf3 Ba5 57. Nc1 Kd6 58. Nb3 Bd8 59. a5 Kc6 60. a6 Be7 61. Na5+ Kb6 62. a7 Kxa7 63. Nc6+ Kb6 64. Nxe7 c4 65. dxc4 Kc5 66. Ng6 Kxc4 67. Kg4 Kd3 68. e5 Ke4 69. Kxg5 1-0

[Event "St Petersburg Chigorin CC-ch"]
[Site "St Petersburg"]
[Date "2005.05.18"]
[Round "3"]
[White "Yerastov, Alexey"]
[Black "Kirpichenkov, Stanislav"]
[Result "1-0"]
[WhiteElo "2229"]
[BlackElo "2078"]
[PlyCount "95"]
[EventDate "2005.05.16"]
[EventType "swiss"]
[EventRounds "9"]
[EventCountry "RUS"]
[SourceTitle "EXT 2006"]
[Source "ChessBase"]
[SourceDate "2005.11.24"]
[SourceVersion "1"]
[SourceVersionDate "2005.11.24"]
[SourceQuality "1"]

1. Nf3 Nf6 2. b3 c5 3. Bb2 e6 4. c4 Be7 5. g3 b6 6. Bg2 Bb7 7. 0-0 d6 8. Nc3 Nbd7 9. d4 cxd4 10. Qxd4 a6 11. Rad1 Qc7 12. Ng5 Bxg2 13. Kxg2 0-0 14. f3 Rad8 15. e4 Qc5 16. Nh3 Kh8 17. Rfe1 h6 18. Nf2 Rg8 19. Qd3 Qc7 20. Qe2 Ne5 21. f4 Nc6 22. Nd5 exd5 23. exd5 Rge8 24. dxc6 Qxc6+ 25. Qf3 Qxf3+ 26. Kxf3 b5 27. Ne4 bxc4 28. Nxf6 Bxf6 29. Rxe8+ Rxe8 30. Bxf6 gxf6 31. bxc4 Rd8 32. Rd5 Rc8 33. Rxd6 Rxc4 34. Rxa6 Kg7 35. a4 f5 36. Ke3 Rc2 37. Rd6 Ra2 38. Rd4 Rxh2 39. Rd2 Rh3 40. Kf3 Rh1 41. Ra2 Re1 42. a5 Re7 43. a6 Ra7 44. Ke3 Kf6 45. Kd4 Ke7 46. Kc5 Kd7 47. Kb6 Ra8 48. Kb7 1-0